000 00482nam a2200169Ia 4500
008 090201s9999 xx 000 0 und d
010 _aKPL-35214
040 _bमराठी
041 _aमराठी
082 _a19898
_b35214
100 _aवामन चोरघडे
245 _aसाद
_cवामन चोरघडे
260 _c2004
_bसन पब्लिकेशन्स
300 _a104
_bमोठा
600 _aसाद
942 _cBOOK
999 _c219705
_d219705